The sonnets /

Saved in:
Bibliographic Details
Main Author: Shakespeare, William, 1564-1616.
Format: Book
Language:English
Published: New York : Cambridge University Press, 1996.
Subjects:
Tags: Add Tag
No Tags, Be the first to tag this record!
Institutions: Mạng thư viện Đại học Đà Nẵng
LEADER 00990cam a2200349 i 4500
001 000045827
003 5026
005 20030411142544.0
008 010220|1996 vm 000 eng
020 |a 0521559472 
040 |a IRC  |c IRC  |d IRC 
041 0 |a eng 
082 1 4 |a 821.3  |b SH-W 
100 1 |a Shakespeare, William,  |d 1564-1616. 
245 0 4 |a The sonnets /  |c William Shakespeare. 
260 |a New York :  |b Cambridge University Press,  |c 1996. 
300 |a 204p. :  |b ill. 
600 1 5 |a Shakespeare, William,  |d 1564-1616  |x Sonnets  |x Problems, exercises, etc.. 
630 0 4 |a William Shakespeare. 
630 0 4 |a English sonnets. 
650 0 4 |a Sonnets, English. 
650 0 4 |a Shakespeare, William,  |d 1564-1616  |x Sonnets  |x Problems, exercises, etc.. 
OWN |a DUT 
999 |a From the UDN01 
TYP |a Monograph 
TYP |a Printed language 
980 |a Mạng thư viện Đại học Đà Nẵng